UBT Library

Essentials of business communication / (Record no. 42461)

000 -LEADER
fixed length control field 00730pam a2200229 a 4500
001 - CONTROL NUMBER
control field 4488724
005 - DATE AND TIME OF LATEST TRANSACTION
control field 20180214034515.0
008 - FIXED-LENGTH DATA ELEMENTS--GENERAL INFORMATION
fixed length control field 970402s1997 ohua b 001 0 eng
010 ## - LIBRARY OF CONGRESS CONTROL NUMBER
LC control number 97015183
020 ## - INTERNATIONAL STANDARD BOOK NUMBER
International Standard Book Number 0538871636 (pbk.)
040 ## - CATALOGING SOURCE
Original cataloging agency DLC
Transcribing agency DLC
Modifying agency DLC
041 ## - LANGUAGE CODE
Language code of text/sound track or separate title eng
080 ## - UNIVERSAL DECIMAL CLASSIFICATION NUMBER
Universal Decimal Classification number 808.06665 ELE
082 00 - DEWEY DECIMAL CLASSIFICATION NUMBER
Classification number 808.06665 ELE
Edition number 21
100 1# - Rafti
Rafti 60
101 ## - Shkurtesa
Shkurtesa BUS
245 10 - TITLE STATEMENT
Title Essentials of business communication /
Statement of responsibility, etc Mary Ellen Guffey.
504 ## - BIBLIOGRAPHY, ETC. NOTE
Bibliography, etc Includes bibliographical references (p. 421-424) and index.
906 ## - LOCAL DATA ELEMENT F, LDF (RLIN)
a 7
b cbc
c orignew
d 1
e ocip
f 19
g y-gencatlg
942 ## - ADDED ENTRY ELEMENTS (KOHA)
Source of classification or shelving scheme
Item type Books
Holdings
Withdrawn status Lost status Source of classification or shelving scheme Damaged status Not for loan Collection code Permanent location Current location Shelving location Date acquired Total Checkouts Full call number Barcode Date last seen Price effective from Koha item type
          Koleksioni i përgjithshem UBT - Lipjan UBT - Lipjan Koleksioni i përgjithshem 02/14/2018   808.06665 ELE 002-2998149 02/14/2018 02/14/2018 Books
UBT Library © 2015-2024. All rights reserved University Education for Business and Technology